Priame zahraničné investície a regionálny trh práce

Guardado en:
Detalles Bibliográficos
Autor principal: Dugasová, Barbora, 1986-
Formato: Capítulo de libro
Lenguaje:eslovaco
Etiquetas: Agregar Etiqueta
Sin Etiquetas, Sea el primero en etiquetar este registro!

MARC

LEADER 00000naa$a2200000$$$4500
001 0197231
005 20240502073330.8
041 0 |a slo 
044 |a SK 
245 1 0 |a Priame zahraničné investície a regionálny trh práce  |c Barbora Dugasová 
100 1 |a Dugasová, Barbora, 1986-